[Event "Stay Safe Play From Home 151"]
[Site "T#646137Emanuel Laske"]
[Date "2020.05.17"]
[Round "5"]
[White "Indianquant"]
[Black "Mepe_Nika"]
[Result "0-1"]
[WhiteElo "2261"]
[BlackElo "2315"]
[Annotator "TA"]
[PlyCount "120"]
[EventDate "2020.05.17"]
[EventType "swiss (blitz)"]

{[%evp 20,120,50,42,45,40,65,42,175,26,51,26,35,33,44,41,74,73,82,85,189,182,172,153,156,157,166,158,268,264,271,253,336,297,311,285,563,291,264,181,263,272,252,214,309,296,247,10,299,296,247,115,116,118,113,112,215,-270,199,183,713,451,647,0,0,0,0,-324,91,-89,-89,-833,-612,-1570,-557,-5730,-4845,-6502,29987,29988,29987,29987,29987,29987,29986,29981,29981,29982,29983,29976,29976,29977,29978,29979,29983,29979,29979,29980,29980,29979,29979,29972,29981]} 1. Nf3 Nf6 2. c4 c5 3. Nc3 Nc6 4. d4 cxd4 5. Nxd4 g6 6. e4 Bg7 7. Be3 O-O 8. Be2 d6 9. O-O Nxd4 10. Bxd4 Bd7 11. Qd2 a5 {B38: Sicilian: Maroczy Bind with 5...Bg7 and 7...0-0.} 12. Rad1 {[#]} a4 $146 ({Predecessor:} 12... Bc6 13. f3 Nd7 14. Be3 a4 15. f4 Bxc3 16. Qxc3 Bxe4 17. f5 Qa5 18. Qc1 Nf6 19. fxg6 fxg6 20. Rd4 Bc6 21. Rh4 {½-½ (29) Gibson,C (1846)-Forster,M (1861) Basingstoke 2019}) 13. f4 Qa5 ({Better is} 13... Bc6 $1 $14) 14. Kh1 (14. e5 $18 Ng4 15. exd6 exd6 16. Bxg7 Kxg7 17. Qd4+ (17. Qxd6 Nf6 $16) 17... f6 18. Qxd6 (18. h3 Nh6 $16)) 14... Bc6 $11 15. Bf3 e5 16. fxe5 dxe5 17. Be3 a3 18. b3 Rfd8 19. Nd5 Bxd5 (19... Qxd2 $16 {might work better.} 20. Bxd2 (20. Rxd2 Nxd5 21. exd5 Bd7 $14) 20... Nxd5 21. exd5 Bd7) 20. Qxa5 $18 (20. cxd5 $6 Qxd2 21. Bxd2 (21. Rxd2 Rdc8 $14) 21... Rdc8 $16) 20... Rxa5 21. Bb6 Raa8 22. Bxd8 ({Don't do} 22. cxd5 $6 Rdc8 $14) 22... Rxd8 23. cxd5 Nd7 (23... Bh6 $16 {was worth a try.} 24. Rd3 Ne8) 24. Rc1 b6 25. Rc6 f5 26. Rfc1 Kf7 27. Rc8 Ke7 $2 (27... Rxc8 28. Rxc8 Ke7) 28. Rxd8 Kxd8 {[%mdl 4096] Endgame KRB-KBN} 29. Kg1 Nc5 (29... Bf8 {keeps fighting.} 30. Rc6 Nb8) 30. b4 Bh6 31. Rc4 ({Weaker is} 31. bxc5 Bxc1 32. c6 Kc7 $11) 31... Nd3 (31... Na4 {was called for.} 32. d6 b5) 32. Kf1 Bf8 33. b5 $2 (33. Rc3 $18 Nxb4 34. Rxa3) 33... Nc5 $2 {[%mdl 8192]} (33... Nb4 $11) 34. exf5 gxf5 35. Ke2 (35. Rh4 $18 {has better winning chances.}) 35... e4 $16 36. Bh5 Bd6 37. g4 f4 (37... Ke7 $16) 38. h4 $4 {[%mdl 8192]} (38. g5 $18) 38... Ke7 $4 {[%mdl 8192]} (38... f3+ $1 $19 {avoids the disaster.} 39. Ke3 Bf4+ $1 {[%mdl 576] Deflection} 40. Kxf4 f2) 39. g5 $18 Nd7 $2 (39... Be5 40. g6 h6) 40. Rc6 Bc5 (40... Ne5 $142 41. Rxb6 f3+ 42. Kf1 e3 43. Rb7+ Kd8 44. Bxf3 Nxf3) 41. Rc7 $2 ({White should play} 41. Re6+ $18 Kf8 42. Rxe4) 41... Kd6 $11 42. Rc6+ Kxd5 43. Bf7+ $2 {[%mdl 8192] [#]} (43. Kf1 $11 {and White has nothing to worry.}) 43... Ke5 $2 (43... Kd4 $1 $19 {Strongly threatening ...f3+.} 44. Kf1 f3) 44. Re6+ $2 (44. Kd1 $16 {and life is bright.}) 44... Kf5 $17 {[%mdl 1024] Hoping for ...f3+. Black has strong compensation.} 45. Rc6 $2 {[%mdl 8192]} (45. Re8 $17 f3+ 46. Kd1) 45... f3+ $19 46. Kf1 {Be6+ is the strong threat.} Ne5 (46... e3 $142 47. Re6 Ne5 48. Rf6+ Ke4 49. Rxf3 Nxf3) 47. Be6+ Kf4 {( -> ...e3)} 48. Rxc5 Ke3 $4 {[%mdl 8192]} (48... bxc5 $19 49. Bb3 e3 50. Bd1 Nc4 51. Be2 Nd2+ 52. Ke1 fxe2 53. Kxe2 Nf3 54. b6 Nd4+ 55. Kd3 Kf3 56. b7 Nc6 57. g6 hxg6 58. Kc4 e2 59. Kb5 e1=Q 60. Kxc6 Qb1 61. Kc7 Qxa2 62. b8=Q Qh2+ {[%mdl 64] Double Attack} 63. Kc8 Qxb8+ 64. Kxb8 c4 65. Kc7 c3 66. Kd6 a2 67. h5 a1=Q 68. Ke7 Qa7+ 69. Kf8 c2 70. Ke8 c1=Q 71. Kd8 gxh5 72. Ke8 Qc8#) 49. Rxe5 {White mates.} Kd4 {[#]} 50. Rxe4+ $3 Kxe4 {KB-KP} 51. Bb3 Kf4 52. Kf2 Kg4 53. h5 Kxh5 54. g6 {[%mdl 64] Decoy} Kxg6 55. Bc2+ Kg5 56. Kxf3 h6 57. Bh7 Kf6 58. Ke4 Ke6 59. Bg6 Kd6 60. Bh5 Kc7 {[%mdl 32768] Accuracy: White = 46%, Black = 40%. . Sensor Board Error (Ke4/e5)?} 0-1

[Event "Stay Safe Play From Home 151"]
[Site "T#646137Emanuel Laske"]
[Date "2020.05.17"]
[Round "5"]
[White "Lazieri3"]
[Black "XShot"]
[Result "0-1"]
[WhiteElo "2144"]
[BlackElo "2439"]
[Annotator "TA"]
[PlyCount "118"]
[EventDate "2020.05.17"]
[EventType "swiss (blitz)"]

{[%evp 10,118,67,62,79,70,93,69,66,33,83,83,77,46,111,22,37,37,149,30,39,38,78,65,126,132,145,109,108,68,76,70,96,0,97,-389,0,-24,-26,-35,-38,-36,0,-6,-7,-12,0,-27,0,-23,35,-11,0,0,0,0,27,-30,0,0,0,0,0,0,0,0,0,0,0,-571,-584,-464,0,-433,-411,-379,-362,-1066,-934,-29973,-29974,-29974,-29974,-29974,-29971,-29992,-29993,-29993,-29994,-29996,-29997,-29997,-29997,-29997,-29994,-29994,-29994,-29994,-29992,-29994,-29994,-29994,-29995,-29996,-29996,-29996,-29995,-29996,-29995,-29995,-29996]} 1. e4 c6 2. Nc3 d5 3. d4 dxe4 4. Nxe4 Nf6 5. Nxf6+ gxf6 6. Nf3 h5 {B16: Caro-Kann: Bronstein-Larsen Variation.} 7. c3 h4 8. h3 Bf5 {White is slightly better.} 9. Bf4 Nd7 {[#]} 10. Bd3 $146 ({Predecessor:} 10. d5 Qb6 11. dxc6 Qxc6 12. Nd4 Qe4+ 13. Be3 Bh6 14. Nxf5 Qxf5 15. Bxh6 Rxh6 16. Qd2 {1-0 (34) Cherednichenko,D (2209)-Karpenko,A (2362) St Petersburg 2017}) 10... Bxd3 11. Qxd3 Nb6 ({Black should try} 11... Nc5 $14 12. Qc2 Ne6) 12. O-O-O (12. O-O $16) 12... Qd5 13. Kb1 Rg8 (13... O-O-O $14) 14. g3 (14. Nxh4 $16 e6 15. g4) 14... hxg3 $11 15. fxg3 Nc4 16. Nd2 b5 ({Better is} 16... Nxd2+ $14 17. Bxd2 (17. Qxd2 O-O-O $14) 17... Rd8) 17. Nxc4 $16 bxc4 18. Qe3 e6 19. Rhe1 Kd7 20. g4 a6 21. Qe4 (21. Qf2 $16) 21... a5 (21... Rh8 $11 {keeps the balance.}) 22. h4 $2 {[%mdl 8192]} (22. Qe2 $16 {keeps the pressure on.}) 22... a4 $2 (22... Qxe4+ $19 23. Rxe4 Rxg4) 23. g5 (23. Qe2 {keeps more tension.} a3 24. Rd2 axb2 25. Rxb2 Ba3 26. Rb7+) 23... fxg5 24. Bxg5 Qxe4+ 25. Rxe4 f5 26. Re5 Bd6 27. Re2 a3 28. Rde1 Rge8 29. h5 axb2 (29... f4 $11 30. Bf6 f3) 30. Kxb2 Reb8+ 31. Ka1 $1 Rg8 32. Bc1 Rg3 33. Re3 ({White should play} 33. Rxe6 Rxc3 34. Rg6) 33... f4 34. Rxg3 fxg3 $11 {[%mdl 4096] Endgame KRB-KRB} 35. h6 Rh8 36. Rg1 Ke7 37. Kb2 Kf6 38. Kc2 Kf5 39. Kd1 $2 {[%mdl 8192] [#] Black continues to play with concentration.} (39. Rf1+ $11 {and White is okay.} Kg6 40. Re1) 39... Kg4 $1 $19 40. Ke2 Kh3 $2 (40... Bf4 $19 41. Bxf4 Kxf4 42. Rf1+ Kg4) 41. Kf3 $2 {[%mdl 8192]} (41. Rh1+ $11 Kg4 42. a4) 41... Rf8+ 42. Ke4 {Rh1+ would now be nice for White.} g2 43. h7 $2 (43. Be3 Kg3 44. Bg5) 43... Rh8 44. a4 Rxh7 {Black mates.} 45. Kf3 Rf7+ 46. Ke4 Bh2 47. Re1 {[#]} Rf1 $1 48. Re3+ Kg4 49. Re2 g1=Q 50. Rxh2 Qxh2 51. d5 Qe2+ 52. Kd4 exd5 53. Kc5 Qa2 54. a5 Rxc1 55. Kd6 Qxa5 56. Ke5 Qa3 57. Ke6 Qb3 58. Kd7 Qc2 59. Kxc6 Rd1 {Accuracy: White = 48%, Black = 59%.} 0-1

[Event "Stay Safe Play From Home 151"]
[Site "T#646137Emanuel Laske"]
[Date "2020.05.17"]
[Round "5"]
[White "SoulofWolf"]
[Black "Castlingarrocco"]
[Result "1/2-1/2"]
[WhiteElo "2142"]
[BlackElo "2013"]
[Annotator "TA"]
[PlyCount "163"]
[EventDate "2020.05.17"]
[EventType "swiss (blitz)"]

{[%evp 9,163,36,35,-62,-33,-82,0,0,0,0,0,0,11,0,19,14,72,68,170,155,185,192,240,178,170,108,115,92,115,71,203,191,202,203,182,145,156,146,187,145,195,109,109,106,124,116,283,263,379,389,525,531,509,456,462,396,558,537,528,524,513,505,491,483,483,0,463,452,473,472,462,453,5285,5077,1021,467,533,471,1297,540,938,805,29960,12799,29964,29964,29965,29963,29949,29946,29954,29959,12824,8966,5720,5575,1030,0,74,0,0,0,0,0,0,0,0,0,0,0,0,0,0,0,0,0,0,0,0,0,0,0,0,0,0,0,0,0,0,-29993,-29993,-29993,-29993,-29993,-29994,-29994,-29994,-29994,-29993,-29993,-29994,-29994,-29995,-29995,-29996,-29996,-29994,-29997,0,-29996,-29997,-29997,-29998,-29998,-29999,-29999]} 1. c4 d6 2. Nf3 g6 3. d4 Bg7 4. g3 Nc6 5. Bg2 e5 {[%cal Rc6d4] [#]} 6. O-O $146 {A41: 1 d4 d6: Tartakower System and Modern Defence.} (6. d5 $14 Nce7 7. Nc3) ({Predecessor:} 6. d5 Nce7 7. Nc3 h6 8. O-O f5 9. e4 Nf6 10. exf5 gxf5 11. Nh4 O-O 12. f4 e4 13. Be3 c6 14. Kh1 {1-0 (34) Grandelius,N (2643)-Sanal,V (2474) Doha 2016}) 6... exd4 7. Nbd2 f5 ({Black should try} 7... Nh6 $17) 8. Nb3 $11 {The position is equal.} Nf6 9. Nbxd4 Nxd4 10. Nxd4 O-O 11. b3 Qe7 12. Bb2 c5 (12... Ne4 $11 {remains equal.}) 13. Nb5 $16 a6 (13... Rd8 $14) 14. Qxd6 $18 (14. Nxd6 Rd8 $16) 14... Qxd6 15. Nxd6 Rd8 16. Nxc8 (16. Bxb7 $6 Bxb7 17. Nxb7 Rd2) 16... Raxc8 17. Rad1 (17. Bxb7 $18 Rc7 18. Bxf6 (18. Bxa6 Rd2 $16) 18... Bxf6 19. Bd5+ (19. Bxa6 Bxa1 20. Rxa1 Ra7 $15) 19... Rxd5 20. cxd5 Bxa1 21. Rxa1) 17... Ne4 $16 18. Bxg7 Kxg7 19. Rd3 Kf6 {[#]} (19... Rxd3 $16 20. exd3 Nc3) 20. Rfd1 $1 $18 Rxd3 21. Rxd3 {[%mdl 4096] Endgame KRB-KRN} Rc7 22. f3 Ng5 23. h4 Ne6 24. e3 b5 25. cxb5 (25. Rd6 $18) 25... axb5 $16 26. Bf1 c4 27. Rc3 f4 $2 (27... cxb3 $16 28. Rxb3 Rc2) 28. gxf4 $18 ({Don't take} 28. exf4 $6 cxb3 29. Rxb3 Rc2 $16) 28... h6 (28... cxb3 $142 29. Rxb3 Ng7 30. Rxb5 Nf5) 29. bxc4 bxc4 30. Rxc4 Ra7 31. Rc2 Ra3 32. Kf2 g5 (32... Ke7 {was necessary.} 33. Bb5 h5) 33. hxg5+ hxg5 34. fxg5+ Nxg5 35. Be2 Nh3+ 36. Kg3 Ng5 37. Kf2 $2 (37. Rc6+ $18 Ke5 38. f4+ {[%mdl 64] Double Attack} Kd5 39. Ra6 Ne4+ 40. Kg2 Rxa6 41. Bxa6) 37... Ne6 $2 {[%mdl 8192]} (37... Nh3+ $1 $11 {and Black has nothing to worry.} 38. Kg2 Ng5) 38. Rb2 Nc5 39. Rb6+ Ke7 40. Bc4 Na4 (40... Rc3 $142 41. Bd5 Rc2+ 42. Kg3 Rd2) 41. Rb7+ Kd6 42. Bb3 (42. Ra7 $142 Kc6 43. f4) 42... Nc3 43. Rh7 Kc5 (43... Ra5 $142 44. f4 Nxa2) 44. Rh4 Nxa2 45. Rh5+ Kb4 46. Bxa2 Rxa2+ {KR-KR} 47. Kg3 Kc3 48. e4 Kd3 49. Kf4 Rf2 50. Rd5+ Ke2 51. Rc5 {White wants to mate with Rc2+.} Rxf3+ 52. Ke5 Re3 53. Rc2+ $2 ({Only move:} 53. Rc4 $18 Kd3 54. Rd4+ Kc3 55. Kd5) 53... Kf3 (53... Kd3 $11) 54. Ra2 ({White should play} 54. Rc4 $16 {aiming for Kf5.} Kg4 55. Rc1) 54... Rxe4+ $11 55. Kd5 Re3 56. Kd6 Re2 57. Ra1 Kf2 58. Rd1 Re3 59. Rd5 Kf3 60. Rf5+ Ke2 61. Rc5 Rf3 62. Kc6 Re3 63. Kb6 Rd3 64. Ka6 Kd2 65. Rb5 Rc3 66. Ka7 Kc2 67. Rb6 Rb3 68. Rb7 Rxb7+ {KR-K} 69. Ka8 $2 {[%mdl 8192] [#]} (69. Kxb7 $11 Kd3) 69... Rb6 70. Ka7 Rb5 71. Ka6 Rb4 72. Ka5 Rb3 73. Ka6 Rb2 74. Ka7 Kc3 75. Ka6 Kc4 76. Ka7 Kc5 77. Ka6 Kc6 {[%cal Rb2a2]} 78. Ka7 Kc5 79. Ka6 Rb3 {Black mates.} 80. Ka7 Kc6 81. Ka8 Kc7 {[%cal Rb3a3]} 82. Ka7 {[%mdl 32768] Never resign too early! Accuracy: White = 72%, Black = 52%. . An unexpected result.} 1/2-1/2

[Event "Stay Safe Play From Home 151"]
[Site "T#646137Emanuel Laske"]
[Date "2020.05.17"]
[Round "5"]
[White "Weltszmerc"]
[Black "Parth11"]
[Result "1-0"]
[WhiteElo "2111"]
[BlackElo "1325"]
[Annotator "NA"]
[PlyCount "29"]
[EventDate "2020.05.17"]
[EventType "swiss (blitz)"]

1. d4 {[%emt 0:00:02]} e6 {[%emt 0:00:00]} 2. c4 {[%emt 0:00:01]} d5 {[%emt 0:00:00]} 3. Nf3 {[%emt 0:00:00]} dxc4 {[%emt 0:00:01]} 4. g3 {[%emt 0:00:00]} Nd7 {[%emt 0:00:01]} 5. Bg2 {[%emt 0:00:00]} b6 {[%emt 0:00:01]} 6. O-O {[%emt 0:00:00]} Bb7 {[%emt 0:00:00]} 7. Nbd2 {[%emt 0:00:01]} c6 {[%emt 0:00:00]} 8. Nxc4 {[%emt 0:00:01]} Bd6 {[%emt 0:00:00]} 9. Nxd6+ {[%emt 0:00:02]} Ke7 {[%emt 0:00:00]} 10. Nxb7 {[%emt 0:00:00]} Qc7 {[%emt 0:00:00]} 11. Bf4 {[%emt 0:00:03]} Qxb7 {[%emt 0:00:02]} 12. Ne5 {[%emt 0:00:00]} Nxe5 {[%emt 0:00:01]} 13. dxe5 {[%emt 0:00:01]} Nf6 {[%emt 0:00:00]} 14. Qd6+ {[%emt 0:00:03]} Ke8 {[%emt 0:00:03]} 15. Bxc6+ {[%emt 0:00:02] Parth11 resigns (Lag: Av=0.82s, max=1.3s)} 1-0

[Event "Stay Safe Play From Home 151"]
[Site "T#646137Emanuel Laske"]
[Date "2020.05.17"]
[Round "5"]
[White "Sfantul321"]
[Black "Trotsky"]
[Result "1-0"]
[WhiteElo "1964"]
[BlackElo "1611"]
[Annotator "NA"]
[PlyCount "59"]
[EventDate "2020.05.17"]
[EventType "swiss (blitz)"]

1. c4 {[%emt 0:00:01]} c5 {[%emt 0:00:01]} 2. Nc3 {[%emt 0:00:00]} e6 {[%emt 0:00:00]} 3. g3 {[%emt 0:00:00]} d5 {[%emt 0:00:01]} 4. cxd5 {[%emt 0:00:01]} exd5 {[%emt 0:00:01]} 5. d4 {[%emt 0:00:00]} Be6 {[%emt 0:00:01]} 6. e3 {[%emt 0:00:02]} Nc6 {[%emt 0:00:01]} 7. Bg2 {[%emt 0:00:00]} a6 {[%emt 0:00:00]} 8. a3 {[%emt 0:00:01]} Nf6 {[%emt 0:00:01]} 9. dxc5 {[%emt 0:00:01]} Bxc5 {[%emt 0:00:01]} 10. Nf3 {[%emt 0:00:00]} Qc7 {[%emt 0:00:01]} 11. O-O {[%emt 0:00:00]} Bd6 {[%emt 0:00:02]} 12. Ng5 {[%emt 0:00:00]} h5 {[%emt 0:00:01]} 13. Nxe6 {[%emt 0:00:01]} fxe6 {[%emt 0:00:01]} 14. h4 {[%emt 0:00:00]} Ng4 {[%emt 0:00:01]} 15. e4 {[%emt 0:00:02]} Bxg3 {[%emt 0:00:01]} 16. exd5 {[%emt 0:00:03]} Bh2+ {[%emt 0:00:02]} 17. Kh1 {[%emt 0:00:01]} Bg1 {[%emt 0:00:00]} 18. f4 {[%emt 0:00:03]} O-O-O {[%emt 0:00:05]} 19. Kxg1 {[%emt 0:00:03]} g5 {[%emt 0:00:06]} 20. hxg5 {[%emt 0:00:03]} Qb6+ {[%emt 0:00:06]} 21. Kh1 {[%emt 0:00:02]} h4 {[%emt 0:00:02]} 22. Qxg4 {[%emt 0:00:02]} h3 {[%emt 0:00:02]} 23. Bxh3 {[%emt 0:00:02]} Kb8 {[%emt 0:00:01]} 24. dxc6 {[%emt 0:00:01]} Qxc6+ {[%emt 0:00:04]} 25. Kg1 {[%emt 0:00:03]} Qc5+ {[%emt 0:00:08]} 26. Kg2 {[%emt 0:00:01]} e5 {[%emt 0:00:02]} 27. Qf3 {[%emt 0:00:02]} exf4 {[%emt 0:00:04]} 28. Bxf4+ {[%emt 0:00:01]} Ka8 {[%emt 0:00:01]} 29. Rad1 {[%emt 0:00:01]} Rdg8 {[%emt 0:00:01]} 30. Qg4 {[%emt 0:00:02] Âðåìÿ (Lag: Av=0.20s, max=0.6s)} 1-0

[Event "Stay Safe Play From Home 151"]
[Site "T#646137Emanuel Laske"]
[Date "2020.05.17"]
[Round "5"]
[White "MartinKestler"]
[Black "Don59as"]
[Result "0-1"]
[WhiteElo "1945"]
[BlackElo "2042"]
[Annotator "NA"]
[PlyCount "80"]
[EventDate "2020.05.17"]
[EventType "swiss (blitz)"]

1. Nf3 {[%emt 0:00:02]} d5 {[%emt 0:00:01]} 2. b3 {[%emt 0:00:00]} e6 {[%emt 0:00:00]} 3. Bb2 {[%emt 0:00:00]} Nf6 {[%emt 0:00:01]} 4. e3 {[%emt 0:00:00]} g6 {[%emt 0:00:00]} 5. d4 {[%emt 0:00:00]} Bg7 {[%emt 0:00:00]} 6. Be2 {[%emt 0:00:00]} O-O {[%emt 0:00:01]} 7. O-O {[%emt 0:00:00]} Nbd7 {[%emt 0:00:00]} 8. Nbd2 {[%emt 0:00:00]} b6 {[%emt 0:00:01]} 9. c4 {[%emt 0:00:00]} Bb7 {[%emt 0:00:01]} 10. cxd5 {[%emt 0:00:00]} Nxd5 {[%emt 0:00:01]} 11. h3 {[%emt 0:00:00]} N7f6 {[%emt 0:00:01]} 12. a3 {[%emt 0:00:00]} Re8 {[%emt 0:00:01]} 13. Rc1 {[%emt 0:00:00]} a5 {[%emt 0:00:01]} 14. Nc4 {[%emt 0:00:01]} Qe7 {[%emt 0:00:03]} 15. Nce5 {[%emt 0:00:01]} Rac8 {[%emt 0:00:03]} 16. Nc6 {[%emt 0:00:01]} Bxc6 {[%emt 0:00:01]} 17. Rxc6 {[%emt 0:00:00]} Qd7 {[%emt 0:00:01]} 18. Rc1 {[%emt 0:00:01]} Nh5 {[%emt 0:00:04]} 19. Nd2 {[%emt 0:00:03]} Nhf6 {[%emt 0:00:02]} 20. Nf3 {[%emt 0:00:01]} Ne4 {[%emt 0:00:02]} 21. Nd2 {[%emt 0:00:01]} Nxd2 {[%emt 0:00:01]} 22. Qxd2 {[%emt 0:00:00]} Rcd8 {[%emt 0:00:01]} 23. a4 {[%emt 0:00:01]} Qd6 {[%emt 0:00:02]} 24. Bb5 {[%emt 0:00:03]} Re7 {[%emt 0:00:01]} 25. Ra1 {[%emt 0:00:02]} Nb4 {[%emt 0:00:01]} 26. Ba3 {[%emt 0:00:02]} e5 {[%emt 0:00:01]} 27. Bxb4 {[%emt 0:00:01]} axb4 {[%emt 0:00:00]} 28. Rac1 {[%emt 0:00:09]} exd4 {[%emt 0:00:01]} 29. exd4 {[%emt 0:00:00]} Bxd4 {[%emt 0:00:01]} 30. Rfd1 {[%emt 0:00:02]} Qe5 {[%emt 0:00:04]} 31. Re1 {[%emt 0:00:03]} Qd6 {[%emt 0:00:04]} 32. Qc2 {[%emt 0:00:02]} c5 {[%emt 0:00:01]} 33. Rxe7 {[%emt 0:00:02]} Qxe7 {[%emt 0:00:01]} 34. Rf1 {[%emt 0:00:00]} Qf6 {[%emt 0:00:01]} 35. Qc1 {[%emt 0:00:03]} Kg7 {[%emt 0:00:01]} 36. Qc2 {[%emt 0:00:02]} Rd5 {[%emt 0:00:01]} 37. Bc4 {[%emt 0:00:00]} Rf5 {[%emt 0:00:01]} 38. Qa2 {[%emt 0:00:00]} Rg5 {[%emt 0:00:01]} 39. Qc2 {[%emt 0:00:02]} Qc6 {[%emt 0:00:01]} 40. Qe2 {[%emt 0:00:01]} Qxg2# {[%emt 0:00:01] (Lag: Av=0.57s, max=1.2s)} 0-1

[Event "Stay Safe Play From Home 151"]
[Site "T#646137Emanuel Laske"]
[Date "2020.05.17"]
[Round "5"]
[White "Lucknow"]
[Black "Haxhi Baha"]
[Result "1-0"]
[WhiteElo "1765"]
[BlackElo "1956"]
[Annotator "TA"]
[PlyCount "63"]
[EventDate "2020.05.17"]
[EventType "swiss (blitz)"]

{[%evp 9,63,12,18,-47,-13,-24,-23,0,0,-18,-8,-15,0,-8,0,-26,-26,-54,-43,-114,-102,-110,-100,-120,-119,-155,-158,-310,-110,-151,0,-87,-48,-49,-56,-125,-108,-90,54,0,-2,-132,-79,-206,-162,-378,-369,-432,-428,-587,-556,-795,-795,-774,-756,-733]} 1. d4 d5 2. c4 e5 3. e3 exd4 4. exd4 Nc6 5. Nf3 Nf6 6. Bd3 {C01: French: Exchange Variation.} (6. c5 $11) 6... dxc4 7. Bxc4 Bg4 {[#]} 8. O-O $146 {Black has an edge.} ({Predecessor:} 8. Qb3 Bb4+ 9. Bd2 Qe7+ 10. Kf1 O-O 11. d5 Bxf3 12. dxc6 Bxd2 13. gxf3 Rad8 14. Nxd2 Rxd2 15. cxb7 {1-0 (58) Ponomarenko,N (1926)-Medvedev,E (2090) Kemerovo 2010}) 8... Be7 9. Be2 O-O 10. Be3 Re8 11. Nc3 Nd5 $36 {[%mdl 2048] Black fights for an advantage.} 12. Nxd5 Qxd5 13. Qd2 Rad8 14. Rad1 (14. Rfd1 $15) 14... Qxa2 $17 15. h3 Bh5 16. Ra1 Qd5 17. Rad1 a6 18. Rfe1 $2 (18. Qc1 $17) 18... Bf6 $2 (18... Bb4 $19 {is more deadly.} 19. Qc1 Bxe1 20. Rxe1 h6) 19. Qc1 Qb3 $2 (19... h6 $17 20. Bc4 Qf5) 20. Qc3 (20. Nd2 $1 $11 {keeps the balance.} Qd5 21. Bxh5 Qxh5 22. Nf3) 20... Qxc3 21. bxc3 h6 22. Bc4 ({White should play} 22. g4 $15 Bg6 23. Bf4) 22... Na5 23. Be2 {[#]} c6 (23... c5 $1 $17 {[%mdl 512]} 24. dxc5 Bxc3 25. Rxd8 Rxd8) 24. g4 (24. Ra1 $1 $14 Bxf3 25. gxf3) 24... Bg6 $11 25. Kg2 {[#]} (25. Ra1 $1 $11 {remains equal.} b6 26. Bf4) 25... Nb3 (25... c5 $142 $1 {[%mdl 512]} 26. dxc5 Bxc3 27. Rxd8 Rxd8) 26. Kg3 {This costs White the game.} (26. Bc4 $17 {keeps fighting.} Bc2 27. Bxb3 Bxb3 28. Rb1) 26... Bc2 27. Rd2 $2 (27. Rb1 Bxb1 28. Rxb1) 27... Nxd2 $19 28. Bxd2 a5 {[%cal Ba6a5,Ba5a4,Ba4a3][%mdl 32] Black is clearly winning.} 29. Bf1 Rxe1 30. Bxe1 a4 31. Bd2 a3 {...a2 is the strong threat.} 32. Bc4 {[%mdl 32768] Accuracy: White = 24%, Black = 60%. . Loss on time!?} 1-0

[Event "Stay Safe Play From Home 151"]
[Site "T#646137Emanuel Laske"]
[Date "2020.05.17"]
[Round "5"]
[White "Edmatuag"]
[Black "Mandy"]
[Result "1-0"]
[WhiteElo "1645"]
[BlackElo "945"]
[Annotator "NA RC"]
[PlyCount "29"]
[EventDate "2020.05.17"]
[EventType "swiss (blitz)"]

1. e4 {[%emt 0:00:01]} c6 {[%emt 0:00:02]} 2. f3 {[%emt 0:00:01]} d5 {[%emt 0:00:01]} 3. d3 {[%emt 0:00:02]} f6 {[%emt 0:00:04]} 4. Be3 {[%emt 0:00:01]} g5 {[%emt 0:00:01]} 5. Ne2 {[%emt 0:00:02]} h6 {[%emt 0:00:02]} 6. g4 {[%emt 0:00:01]} e5 {[%emt 0:00:04]} 7. Ng3 {[%emt 0:00:02]} Ne7 {[%emt 0:00:03]} 8. Nd2 {[%emt 0:00:03]} d4 {[%emt 0:00:04]} 9. Bf2 {[%emt 0:00:02]} Be6 {[%emt 0:00:04]} 10. c3 {[%emt 0:00:01]} dxc3 {[%emt 0:00:04]} 11. bxc3 {[%emt 0:00:03]} Ng6 {[%emt 0:00:06]} 12. Be3 {[%emt 0:00:02]} Bd6 {[%emt 0:00:05]} 13. Qa4 {[%emt 0:00:03]} Qb6 {[%emt 0:00:03]} 14. Bxb6 {[%emt 0:00:03]} axb6 {[%emt 0:00:06]} 15. Qxa8 {[%emt 0:00:01] Zeit (Lag: Av=0.52s, max=0.8s)} 1-0

[Event "Stay Safe Play From Home 151"]
[Site "T#646137Emanuel Laske"]
[Date "2020.05.17"]
[Round "6"]
[White "XShot"]
[Black "Mepe_Nika"]
[Result "1-0"]
[WhiteElo "2445"]
[BlackElo "2330"]
[Annotator "TA"]
[PlyCount "103"]
[EventDate "2020.05.17"]
[EventType "swiss (blitz)"]

{[%evp 9,103,20,21,29,31,38,29,26,41,30,31,6,17,-3,-3,-7,-6,-9,0,-12,0,0,20,6,20,-20,-20,-24,0,-11,-6,0,39,32,38,25,32,18,48,19,47,18,31,31,55,52,104,102,143,85,104,104,118,81,85,23,112,39,67,24,33,34,12,0,0,0,0,0,31,0,0,0,0,1,31,31,50,-2195,51,50,50,50,54,52,33,0,0,0,32,39,102,66,66,64,5506,4962]} 1. d4 d5 2. Nf3 Nf6 3. Bg5 Ne4 4. Bf4 c6 5. e3 Qb6 6. Qc1 {D03: 1 d4 d5 2 Nf3 Nf6 3 Bg5, including Torre Attack with early ...d5.} Bg4 7. Nbd2 Nxd2 8. Nxd2 {White has an edge.} Nd7 {[#]} 9. h3 $146 ({Predecessor:} 9. c4 e6 10. c5 Qd8 11. Bd3 e5 12. Bxe5 Nxe5 13. dxe5 Qa5 14. b4 Qxb4 15. Rb1 Qxc5 16. Qxc5 Bxc5 17. Rxb7 {0-1 (56) Wilkins,M (1886)-Croad,N (2368) Wellington 2014}) 9... Bf5 10. Be2 e6 11. c3 Be7 12. O-O O-O 13. Re1 c5 14. Bf1 cxd4 15. exd4 Rac8 16. Nf3 Bd6 17. Be3 Qc7 18. a3 Nb8 {[%cal Bd7b8,Bb8c6,Bc6a5,Ba5c4][%mdl 32]} 19. Qd2 Nc6 20. Nh4 Bg6 21. Nxg6 hxg6 22. Rad1 a6 23. Bd3 b5 24. g3 Na5 25. Kg2 Nc4 26. Qe2 Nxe3+ 27. Qxe3 Qc6 (27... Rce8 $14) 28. h4 $16 Rfe8 {[#]} 29. Qf3 (29. h5 $142 $1 {[%cal Rh5g6][%mdl 512]} gxh5 30. Qg5) 29... e5 30. dxe5 Rxe5 31. Rxe5 Bxe5 32. Bc2 (32. Bb1 $16) 32... Bf6 (32... d4 $1 $11 {keeps the balance.}) 33. Bb3 (33. Rxd5 $16 Re8 34. Bb3) 33... d4 $1 $14 34. Qxc6 (34. cxd4 {keeps more tension.} Qxf3+ 35. Kxf3 Rd8 36. Ke4 Re8+ 37. Kd5) 34... Rxc6 35. cxd4 {[%mdl 4096] Endgame KRB-KRB} Rd6 36. d5 Bxb2 37. a4 bxa4 38. Bxa4 Bc3 39. Bc6 a5 40. Rd3 Bb4 41. Re3 f5 42. Re8+ Kf7 {...Rxc6! is the strong threat.} 43. Re7+ $2 {[%mdl 8192]} (43. Ra8 $14) 43... Kf6 $2 (43... Kxe7 $19 44. Ba4 Rxd5) 44. Ra7 Bd2 45. f4 Bb4 46. Be8 {[%csl Ge8][%cal Ra7f7]} Rxd5 47. Ra6+ Ke7 48. Bxg6 Rd2+ 49. Kh3 Ra2 ({Black should try} 49... Rd5 $14) 50. Bxf5 a4 51. Be6 a3 $2 {[%mdl 8192]} (51... Ra1 $14) 52. Bxa2 {What a bad dream for Black. Accuracy: White = 63%, Black = 61%.} 1-0